<?xml version="1.0" encoding="UTF-8"?>
<collection xmlns="http://www.loc.gov/MARC21/slim">
<record>
  <controlfield tag="001">161973</controlfield>
  <controlfield tag="005">20251017144559.0</controlfield>
  <datafield tag="024" ind1="7" ind2=" ">
    <subfield code="2">doi</subfield>
    <subfield code="a">10.51698/aloma.2025.43.1.43-51</subfield>
  </datafield>
  <datafield tag="024" ind1="8" ind2=" ">
    <subfield code="2">sideral</subfield>
    <subfield code="a">144586</subfield>
  </datafield>
  <datafield tag="037" ind1=" " ind2=" ">
    <subfield code="a">ART-2025-144586</subfield>
  </datafield>
  <datafield tag="041" ind1=" " ind2=" ">
    <subfield code="a">spa</subfield>
  </datafield>
  <datafield tag="100" ind1=" " ind2=" ">
    <subfield code="a">Segura Berges, Manuel</subfield>
    <subfield code="u">Universidad de Zaragoza</subfield>
    <subfield code="0">(orcid)0009-0007-9320-6751</subfield>
  </datafield>
  <datafield tag="245" ind1=" " ind2=" ">
    <subfield code="a">Potencial del metaverso inclusivo en educación: una revisión sistemática de aplicaciones y retos emergentes</subfield>
  </datafield>
  <datafield tag="260" ind1=" " ind2=" ">
    <subfield code="c">2025</subfield>
  </datafield>
  <datafield tag="506" ind1="0" ind2=" ">
    <subfield code="a">Access copy available to the general public</subfield>
    <subfield code="f">Unrestricted</subfield>
  </datafield>
  <datafield tag="520" ind1="3" ind2=" ">
    <subfield code="a">En los últimos años, el metaverso ha emergido como un recurso innovador en el ámbito educativo, que destaca por sus potencialidades para promover la inclusión y atender la diversidad del alumnado. La presente investigación tiene como propósito analizar el papel del metaverso inclusivo en contextos educativos, explorando sus aportes en la atención a estudiantes con necesidades específicas. Se llevó a cabo una revisión sistemática de la literatura siguiendo las directrices del modelo PRISMA. La búsqueda se realizó en cuatro bases de datos científicas y se partió de un total de 305 documentos, de los cuales 14 fueron seleccionados para el análisis final tras aplicar los criterios de inclusión y exclusión establecidos. Los estudios revisados evidencian que, aunque el uso del metaverso en el sistema educativo aún se encuentra en una etapa incipiente, su aplicación en contextos inclusivos favorece el desarrollo de competencias sociales, comunicativas y curriculares. Además, se reconoce su capacidad para responder a las necesidades de estudiantes con trastornos y/o discapacidades.</subfield>
  </datafield>
  <datafield tag="540" ind1=" " ind2=" ">
    <subfield code="9">info:eu-repo/semantics/openAccess</subfield>
    <subfield code="a">by-nc-sa</subfield>
    <subfield code="u">https://creativecommons.org/licenses/by-nc-sa/4.0/deed.es</subfield>
  </datafield>
  <datafield tag="655" ind1=" " ind2="4">
    <subfield code="a">info:eu-repo/semantics/article</subfield>
    <subfield code="v">info:eu-repo/semantics/publishedVersion</subfield>
  </datafield>
  <datafield tag="700" ind1=" " ind2=" ">
    <subfield code="a">Sánchez-Caballé, Anna</subfield>
  </datafield>
  <datafield tag="700" ind1=" " ind2=" ">
    <subfield code="a">Hernández-Pérez, Ruth</subfield>
  </datafield>
  <datafield tag="710" ind1="2" ind2=" ">
    <subfield code="1">4001</subfield>
    <subfield code="2">215</subfield>
    <subfield code="a">Universidad de Zaragoza</subfield>
    <subfield code="b">Dpto. Ciencias de la Educación</subfield>
    <subfield code="c">Área Didáctica y Organiz. Esc.</subfield>
  </datafield>
  <datafield tag="773" ind1=" " ind2=" ">
    <subfield code="g">43, 1 (2025), 43-51</subfield>
    <subfield code="p">Aloma (Barc.)</subfield>
    <subfield code="t">Aloma (Barcelona)</subfield>
    <subfield code="x">1138-3194</subfield>
  </datafield>
  <datafield tag="856" ind1="4" ind2=" ">
    <subfield code="s">290967</subfield>
    <subfield code="u">http://zaguan.unizar.es/record/161973/files/texto_completo.pdf</subfield>
    <subfield code="y">Versión publicada</subfield>
  </datafield>
  <datafield tag="856" ind1="4" ind2=" ">
    <subfield code="s">1975133</subfield>
    <subfield code="u">http://zaguan.unizar.es/record/161973/files/texto_completo.jpg?subformat=icon</subfield>
    <subfield code="x">icon</subfield>
    <subfield code="y">Versión publicada</subfield>
  </datafield>
  <datafield tag="909" ind1="C" ind2="O">
    <subfield code="o">oai:zaguan.unizar.es:161973</subfield>
    <subfield code="p">articulos</subfield>
    <subfield code="p">driver</subfield>
  </datafield>
  <datafield tag="951" ind1=" " ind2=" ">
    <subfield code="a">2025-10-17-14:13:50</subfield>
  </datafield>
  <datafield tag="980" ind1=" " ind2=" ">
    <subfield code="a">ARTICLE</subfield>
  </datafield>
</record>
</collection>